000 00522cam a2200157 a 4500
020 _a0486290573 (pbk.)
082 0 0 _a823
_bCat
100 1 _aCather, Willa,
_950729
245 1 0 _aPaul's case and other stories /
_cWilla Cather.
260 _aNew York :
_bDover Publications,
_c1996.
300 _av, 57 p. ;
_c21 cm.
505 0 _aLou, the Prophet -- Eric Hermannson's soul --The enchanted bluff -- Paul's case -- A Wagner matinee.
526 _a0
_b0
_c0
_d823_000000000000000_CAT
650 _aMce
_9379
942 _2ddc
_cBK
999 _c553482
_d553482